| 000 | 00650nam a2200205 u 4500 | ||
|---|---|---|---|
| 005 | 20240806064108.0 | ||
| 008 | 100429s2003 mx r 000 0 spa d | ||
| 020 | _a9707320362 | ||
| 035 | _aUPN01000175631 | ||
| 049 | _aCG | ||
| 050 | 4 |
_aPT2360 _bD7 |
|
| 100 | 1 |
_aHoffmann, Ernst Theodor Amadeus, _d1776-1822 _930310 |
|
| 245 | 1 | 0 |
_aDon Juan y otros cuentos fantásticos / _cE. T. A. Hoffmann ; selec. y pról. Javier García-Galiano ; tr. Üte Blumen. |
| 260 |
_aMéxico : _bLectorum, _c2003. |
||
| 300 | _a135 p. | ||
| 440 | 0 | _aBiblioteca juvenil | |
| 650 | 4 |
_aCUENTOS ALEMANES _98048 |
|
| 650 | 4 |
_aLiteratura alemana _910466 |
|
| 905 | _aLibro | ||
| 999 |
_c147735 _d147735 |
||